[Event "4NCL Division 4 South"]
[Site "Telford, ENG ENG"]
[Date "2016.02.14"]
[Round "6.195"]
[White "Hendy, Jerry"]
[Black "Szymanski, Mark"]
[Result "1/2-1/2"]
[WhiteElo "1832"]
[BlackElo "1867"]
[PlyCount "33"]
[EventDate "2016.02.14"]
[WhiteTeam "Throw in the Tal 2"]
[BlackTeam "Iceni 2"]

1. e4 c6 2. d4 d5 3. Nc3 dxe4 4. Nxe4 Bf5 5. Ng3 Bg6 6. Nf3 Nd7 7. Bc4 e6 8.
O-O Ngf6 9. Re1 Be7 10. c3 Nd5 11. Ne5 Nxe5 12. Rxe5 O-O 13. Bd3 Bxd3 14. Qxd3
h6 15. Be3 Nxe3 16. Qxe3 Qb6 17. Qe2 1/2-1/2

[Event "4NCL Division 4 South"]
[Site "Telford, ENG ENG"]
[Date "2016.02.14"]
[Round "6.196"]
[White "Pott, Laurie"]
[Black "Woolgar, Steven G"]
[Result "1-0"]
[WhiteElo "1704"]
[BlackElo "1690"]
[PlyCount "115"]
[EventDate "2016.02.14"]
[WhiteTeam "Iceni 2"]
[BlackTeam "Throw in the Tal 2"]

1. d4 Nf6 2. Bf4 g6 3. e3 Bg7 4. Be2 d5 5. c3 Nbd7 6. h4 h5 7. Nf3 c5 8. Nbd2
cxd4 9. cxd4 O-O 10. O-O Ng4 11. g3 Ndf6 12. Rc1 Qb6 13. Qb3 Qxb3 14. Nxb3 b6
15. Rc7 Bd7 16. Ba6 Rfd8 17. Ne5 Nxe5 18. Bxe5 Ne8 19. Rc3 Bxe5 20. dxe5 Bc8
21. Bxc8 Rdxc8 22. Rfc1 Rxc3 23. Rxc3 e6 24. Nd4 Kf8 25. Nb5 a6 26. Nc7 Nxc7
27. Rxc7 b5 28. Kf1 a5 29. Ke2 Kg7 30. Kd3 b4 31. Kc2 a4 32. Rb7 Rc8+ 33. Kd2
Rc4 34. f3 d4 35. exd4 Rxd4+ 36. Ke3 Rd5 37. f4 a3 38. bxa3 bxa3 39. Rb3 Ra5
40. Kd3 Ra4 41. Kc3 Kg8 42. Rb4 Ra6 43. Kb3 Ra8 44. Ra4 Rb8+ 45. Kc3 Rb2 46.
Rxa3 Rg2 47. Kd4 Kg7 48. Ke4 f5+ 49. Kf3 Rc2 50. Ra7+ Kf8 51. a4 Rc3+ 52. Kg2
Ra3 53. a5 Ra2+ 54. Kh3 Ra3 55. a6 Ra2 56. Ra8+ Kf7 57. a7 Ra3 58. Rh8 1-0

[Event "4NCL Division 4 South"]
[Site "Telford, ENG ENG"]
[Date "2016.02.14"]
[Round "6.197"]
[White "Johnson, Mike J"]
[Black "Carter, Dominic A"]
[Result "1/2-1/2"]
[WhiteElo "1690"]
[BlackElo "1676"]
[PlyCount "43"]
[EventDate "2016.02.14"]
[WhiteTeam "Throw in the Tal 2"]
[BlackTeam "Iceni 2"]

1. e4 e5 2. Bc4 Nf6 3. Nc3 Nc6 4. Nf3 Bc5 5. O-O d6 6. h3 a6 7. d3 Na5 8. Bb3
c6 9. Bd2 Nxb3 10. axb3 h6 11. Be3 Bxe3 12. fxe3 O-O 13. Qe2 Re8 14. Qf2 Be6
15. Nh4 d5 16. exd5 cxd5 17. Nf5 Bxf5 18. Qxf5 Qb6 19. Qf2 Qe6 20. Qf5 Rad8 21.
Qxe6 Rxe6 22. Rae1 1/2-1/2

[Event "4NCL Division 4 South"]
[Site "Telford, ENG ENG"]
[Date "2016.02.14"]
[Round "6.198"]
[White "Balakrishnan, Kathirvel"]
[Black "Harris, John"]
[Result "1-0"]
[WhiteElo "1535"]
[BlackElo "1637"]
[PlyCount "61"]
[EventDate "2016.02.14"]
[WhiteTeam "Iceni 2"]
[BlackTeam "Throw in the Tal 2"]

1. d4 d6 2. c4 g6 3. g3 Bg7 4. Bg2 Nf6 5. Nf3 O-O 6. Nc3 Nc6 7. b3 Bf5 8. a3
Qd7 9. Bb2 Bh3 10. O-O Bxg2 11. Kxg2 Rfe8 12. d5 Na5 13. Nd2 c6 14. b4 Nxc4 15.
Nxc4 cxd5 16. Na5 b6 17. Nb3 Qb7 18. Kg1 e5 19. e3 Rac8 20. Rc1 Bh6 21. Ne2 d4
22. Rxc8 Qxc8 23. exd4 Qh3 24. f3 Be3+ 25. Kh1 Rc8 26. Ng1 Qe6 27. dxe5 dxe5
28. Re1 Nd5 29. Qd3 Bxg1 30. Rxe5 Qh3 31. Kxg1 1-0

[Event "4NCL Division 4 South"]
[Site "Telford, ENG ENG"]
[Date "2016.02.14"]
[Round "6.199"]
[White "Jones, Howard"]
[Black "Somton, Anita"]
[Result "0-1"]
[WhiteElo "1585"]
[BlackElo "1502"]
[PlyCount "104"]
[EventDate "2016.02.14"]
[WhiteTeam "Throw in the Tal 2"]
[BlackTeam "Iceni 2"]

1. Nf3 d5 2. g3 Nf6 3. Bg2 Bf5 4. d3 h6 5. O-O e6 6. Nbd2 Be7 7. c4 c6 8. a3
Nbd7 9. b4 O-O 10. Bb2 Rc8 11. Rc1 Qb6 12. c5 Qc7 13. Nb3 e5 14. d4 e4 15. Ne1
Ng4 16. e3 Bg5 17. Rc3 h5 18. h3 Ngf6 19. Bc1 Bh6 20. Kh1 Rce8 21. Rg1 Kh8 22.
Bf1 Qc8 23. Kh2 Nb8 24. f4 exf3 25. Nxf3 Ne4 26. Rc2 Nxg3 27. Rxg3 Bxc2 28.
Qxc2 Bxe3 29. Bxe3 Rxe3 30. Ne5 Rxg3 31. Kxg3 Qe6 32. Qe2 Qh6 33. Kh2 Kg8 34.
Nf3 Nd7 35. Qd2 Qf6 36. Bg2 Re8 37. Nc1 Qf5 38. Nd3 Nf6 39. Nh4 Qh7 40. Ne5 Ne4
41. Qf4 g5 42. Bxe4 gxf4 43. Bxh7+ Kxh7 44. Nxf7 Re2+ 45. Kg1 Re3 46. Ng5+ Kg8
47. Nhf3 Rxa3 48. Kf2 Ra2+ 49. Kf1 Rb2 50. Ne6 Rxb4 51. Nxf4 a5 52. Ne2 a4 0-1

[Event "4NCL Division 4 South"]
[Site "Telford, ENG ENG"]
[Date "2016.02.14"]
[Round "6.200"]
[White "Rowles, Sarah"]
[Black "Scott, David"]
[Result "1-0"]
[WhiteElo "1420"]
[BlackElo "1622"]
[PlyCount "95"]
[EventDate "2016.02.14"]
[WhiteTeam "Iceni 2"]
[BlackTeam "Throw in the Tal 2"]

1. d4 d5 2. e3 Nf6 3. Bd3 Nc6 4. f4 Bg4 5. Nf3 Ne4 6. Nbd2 f5 7. c3 e6 8. O-O
g5 9. Qe1 Nxd2 10. Bxd2 Bxf3 11. gxf3 Rg8 12. Kh1 Qf6 13. e4 dxe4 14. fxe4 gxf4
15. Bxf4 fxe4 16. Qxe4 Qe7 17. Rae1 Kd7 18. d5 Nd8 19. dxe6+ Nxe6 20. Qd5+ Kc8
21. Bf5 Rg6 22. Bxg6 Nxf4 23. Bf5+ Ne6 24. Bxe6+ Kb8 25. Qd7 a6 26. Qxe7 Bxe7
27. Rf7 Bd6 28. Rxh7 Ka7 29. Bb3 Rf8 30. Rf7 Rh8 31. Re2 Rh6 32. Bc2 Rh8 33.
Rg2 Re8 34. Rf1 Rh8 35. Rd1 Rh4 36. Rxd6 cxd6 37. Rd2 Rh6 38. Bb3 Kb6 39. Bd5
Kc7 40. Bg2 b6 41. h3 Kd7 42. Kh2 Ke6 43. Bf3 Ke5 44. Bg4 Kf4 45. Kg2 Ke3 46.
Rd4 a5 47. Kg3 Rh8 48. Rxd6 1-0

[Event "4NCL Division 4 South"]
[Site "Telford, ENG ENG"]
[Date "2016.02.14"]
[Round "6.206"]
[White "Topal, Mahir Onat"]
[Black "Guha, Chirag"]
[Result "1-0"]
[WhiteElo "1997"]
[BlackElo "1907"]
[PlyCount "99"]
[EventDate "2016.02.14"]
[WhiteTeam "Cambridge University 3"]
[BlackTeam "Midland Monarchs 2"]

1. d4 d5 2. c4 c6 3. cxd5 cxd5 4. Nc3 Nf6 5. Bf4 e6 6. Nf3 Nc6 7. e3 Bb4 8. Bb5
Qa5 9. O-O O-O 10. Qb3 Bd7 11. Rac1 Bxc3 12. bxc3 h6 13. Be2 Bc8 14. c4 dxc4
15. Rxc4 Qd5 16. Qc2 g5 17. Be5 Nd7 18. Bd6 Re8 19. e4 Qa5 20. Rd1 Qd8 21. d5
exd5 22. exd5 Nce5 23. Nxe5 Nxe5 24. Bxe5 Rxe5 25. d6 Bd7 26. Bf3 Qe8 27. g3
Bb5 28. Re4 Rd8 29. Rxe5 Qxe5 30. a4 Be8 31. Qc7 Rd7 32. Qc8 Kf8 33. Qb8 Qa5
34. Kf1 Qxa4 35. Re1 Kg7 36. Qxe8 Qa6+ 37. Qe2 Qxd6 38. Rd1 Qc7 39. Rxd7 Qxd7
40. Qb2+ Kg8 41. Qxb7 Qd3+ 42. Be2 Qa3 43. Qa6 Qc5 44. Bc4 Qb4 45. Qg6+ Kh8 46.
Qxh6+ Kg8 47. Qxg5+ Kf8 48. Qd8+ Kg7 49. Qd4+ Kg8 50. Bxf7+ 1-0

[Event "4NCL Division 4 South"]
[Site "Telford, ENG ENG"]
[Date "2016.02.14"]
[Round "6.207"]
[White "Green, Emily"]
[Black "Campbell, Mark C"]
[Result "1/2-1/2"]
[WhiteElo "1742"]
[BlackElo "1947"]
[PlyCount "126"]
[EventDate "2016.02.14"]
[WhiteTeam "Midland Monarchs 2"]
[BlackTeam "Cambridge University 3"]

1. e4 c5 2. Nf3 d6 3. d4 cxd4 4. Nxd4 Nf6 5. Nc3 a6 6. f3 e5 7. Nb3 Be6 8. Be3
Be7 9. Qd2 O-O 10. O-O-O a5 11. Na4 Nbd7 12. g4 d5 13. g5 d4 14. gxf6 dxe3 15.
Qxe3 Bxf6 16. Kb1 Qc7 17. Bb5 Bd8 18. Rd3 Nb8 19. Rhd1 Nc6 20. Rc3 Be7 21. Nb6
Rad8 22. Nd5 Bxd5 23. Rxd5 Rd6 24. Bxc6 bxc6 25. a3 a4 26. Nc1 Rfd8 27. Rdd3 h6
28. Rxd6 Rxd6 29. Nd3 Rg6 30. Qf2 Qd7 31. Qf1 Qd4 32. Ka2 Rg1 33. Qe2 c5 34.
Qf2 Qxf2 35. Nxf2 Rg2 36. Nd3 Rxh2 37. Nxc5 Bxc5 38. Rxc5 f6 39. c4 h5 40. Rc8+
Kf7 41. Ra8 h4 42. Rxa4 h3 43. Ra8 Rf2 44. a4 Rxf3 45. a5 Rd3 46. a6 Rd6 47. a7
Ra6+ 48. Kb1 h2 49. Rh8 Rxa7 50. Rxh2 Rd7 51. Re2 Rd4 52. b3 Ke6 53. Kc2 g5 54.
Kc3 g4 55. c5 Kd7 56. Rf2 Rxe4 57. Rxf6 Rf4 58. Rxf4 exf4 59. Kd3 Kc6 60. b4 g3
61. Ke2 g2 62. Kf2 f3 63. Kg1 Kb5 1/2-1/2

[Event "4NCL Division 4 South"]
[Site "Telford, ENG ENG"]
[Date "2016.02.14"]
[Round "6.208"]
[White "Davis, Holden"]
[Black "Mirza, Gabriel"]
[Result "0-1"]
[WhiteElo "1712"]
[BlackElo "1796"]
[PlyCount "138"]
[EventDate "2016.02.14"]
[WhiteTeam "Cambridge University 3"]
[BlackTeam "Midland Monarchs 2"]

1. e4 d6 2. Bc4 Nf6 3. Nc3 e5 4. d4 Be7 5. dxe5 dxe5 6. Qxd8+ Bxd8 7. Nf3 Nbd7
8. Bg5 c6 9. O-O-O b5 10. Bd3 Bc7 11. Rhe1 Nc5 12. Bf1 b4 13. Bxf6 gxf6 14. Nb1
Be6 15. Nbd2 a5 16. Bc4 Bg4 17. h3 Bh5 18. Nf1 Ke7 19. Ng3 Bg6 20. Nh4 Rhd8 21.
Nhf5+ Kf8 22. f3 Ne6 23. Ne3 Nf4 24. Ne2 Ne6 25. g3 Bb6 26. Ng4 Ke7 27. Bd3 h5
28. Nh2 Ng5 29. Ng1 Bf2 30. f4 Bxe1 31. Rxe1 Ne6 32. f5 Nc5 33. fxg6 Nxd3+ 34.
cxd3 Rxd3 35. Ngf3 fxg6 36. Kc2 Rad8 37. Re2 c5 38. Rg2 g5 39. Nd2 a4 40. Nhf1
R8d4 41. Re2 h4 42. Ne3 Ke6 43. gxh4 gxh4 44. Nf5 Rd8 45. Nxh4 Rxh3 46. Nf5 Rg8
47. Nc4 b3+ 48. axb3 axb3+ 49. Kd2 Rd8+ 50. Ke1 Rh1+ 51. Kf2 Rh2+ 52. Ke3 Rh3+
53. Kf2 Rdd3 54. Kg2 Rh8 55. Nb6 Rb8 56. Na4 Rc8 57. Nb6 Rg8+ 58. Kf2 Rh8 59.
Na4 Rh2+ 60. Ke1 Rh1+ 61. Kf2 Rc1 62. Re3 Rd2+ 63. Re2 Rdd1 64. Re3 Rf1+ 65.
Ke2 Rce1+ 66. Kd2 Rc1 67. Rxb3 Rfd1+ 68. Ke2 Re1+ 69. Kd3 c4+ 0-1

[Event "4NCL Division 4 South"]
[Site "Telford, ENG ENG"]
[Date "2016.02.14"]
[Round "6.209"]
[White "Sivarajasingam, Venetia"]
[Black "Ivanov, George"]
[Result "0-1"]
[WhiteElo "1802"]
[BlackElo "1658"]
[PlyCount "134"]
[EventDate "2016.02.14"]
[WhiteTeam "Midland Monarchs 2"]
[BlackTeam "Cambridge University 3"]

1. e4 e5 2. Nf3 Nc6 3. Bb5 a6 4. Ba4 Nf6 5. O-O b5 6. Bb3 Bc5 7. Qe2 O-O 8. c3
d6 9. h3 Bb6 10. d3 Ne7 11. Bg5 Ng6 12. Nbd2 h6 13. Be3 c5 14. a4 Rb8 15. Ra2
Nh5 16. Nh2 Nhf4 17. Bxf4 Nxf4 18. Qf3 Qg5 19. Kh1 Nxh3 20. gxh3 Qxd2 21. Rg1
bxa4 22. Qf6 Qg5 23. Rxg5 hxg5 24. Qxg5 axb3 25. Ra1 Bd8 26. Qg3 f5 27. Rg1 Bf6
28. h4 Rf7 29. Nf3 fxe4 30. dxe4 Bb7 31. Nd2 a5 32. f3 d5 33. h5 dxe4 34. fxe4
Rd8 35. Qe3 Rfd7 36. Rg2 Rd3 37. Qh6 R8d6 38. Kg1 Rxd2 39. Rxd2 gxh6 40. Rxd6
Bg5 41. Rb6 Bxe4 42. Rxb3 Bc2 43. Rb5 a4 44. Kg2 Be7 45. Kf2 Kg7 46. Rb6 Bb3
47. Ke3 Bd5 48. Ra6 Bg5+ 49. Kf2 Bb3 50. Rc6 c4 51. Rg6+ Kf7 52. Ke1 Bc1 53.
Rg2 Kf6 54. Kf1 Kf5 55. Ke1 Kf4 56. Kf1 e4 57. Ke1 Kf3 58. Rf2+ Kg4 59. Rh2 Kg3
60. Re2 e3 61. Kf1 Bd1 62. Rg2+ Kh3 63. Kg1 e2 64. Kf2 Be3+ 65. Ke1 Kxg2 66. b4
Bf2+ 67. Kd2 e1=Q+ 0-1

[Event "4NCL Division 4 South"]
[Site "Telford, ENG ENG"]
[Date "2016.02.14"]
[Round "6.210"]
[White "Ivanov, Elizabeth"]
[Black "Sivarajasingam, Shayanna"]
[Result "1/2-1/2"]
[WhiteElo "1542"]
[BlackElo "1757"]
[PlyCount "46"]
[EventDate "2016.02.14"]
[WhiteTeam "Cambridge University 3"]
[BlackTeam "Midland Monarchs 2"]

1. e4 e6 2. d4 d5 3. exd5 exd5 4. Bd3 Bd6 5. c3 Nc6 6. Ne2 Nge7 7. Bf4 O-O 8.
Qc2 Ng6 9. Bxg6 fxg6 10. Bxd6 Qxd6 11. Nd2 Bf5 12. Qd1 Rae8 13. O-O Bd3 14. Re1
Qf6 15. f3 Re7 16. Nb3 Bc4 17. Ng3 Rfe8 18. Qd2 Kf7 19. Rxe7+ Rxe7 20. Nc5 b6
21. Nd3 Bxd3 22. Qxd3 Qe6 23. Kf2 a5 1/2-1/2

[Event "4NCL Division 4 South"]
[Site "Telford, ENG ENG"]
[Date "2016.02.14"]
[Round "6.215"]
[White "Karia, Kamlesh"]
[Black "Gentry, Alan E"]
[Result "1-0"]
[WhiteElo "1637"]
[BlackElo "1773"]
[PlyCount "39"]
[EventDate "2016.02.14"]
[WhiteTeam "Barnet Knights 2"]
[BlackTeam "Oxford 3"]

1. e4 c5 2. Nc3 Nc6 3. Bc4 Nf6 4. d3 g6 5. f4 Bg7 6. Nf3 d6 7. O-O O-O 8. Qe1
Bd7 9. Qh4 e6 10. f5 Nh5 11. Bg5 Bf6 12. g4 Bxg5 13. Nxg5 h6 14. gxh5 hxg5 15.
Qg3 Ne5 16. f6 g4 17. Qf4 Kh7 18. h3 gxh5 19. Qg5 Ng6 20. Qxh5+ 1-0

[Event "4NCL Division 4 South"]
[Site "Telford, ENG ENG"]
[Date "2016.02.14"]
[Round "6.216"]
[White "Riley, Adrian K"]
[Black "Balouka Myers, Reuben"]
[Result "1-0"]
[WhiteElo "1595"]
[BlackElo "1667"]
[PlyCount "79"]
[EventDate "2016.02.14"]
[WhiteTeam "Oxford 3"]
[BlackTeam "Barnet Knights 2"]

1. Nf3 e6 2. g3 d5 3. d4 Bd6 4. Bg2 c6 5. O-O f5 6. Bf4 Bxf4 7. gxf4 h6 8. e3
g5 9. Ne5 Nf6 10. Nd2 Qc7 11. c4 Qg7 12. cxd5 exd5 13. Kh1 Nbd7 14. Rg1 Nxe5
15. dxe5 Ne4 16. Nxe4 fxe4 17. Qh5+ Ke7 18. Bh3 Bxh3 19. Qxh3 Rag8 20. Rad1 Qf7
21. f5 Rf8 22. f6+ Kd8 23. f3 exf3 24. Qxf3 Qe6 25. e4 Qxe5 26. exd5 c5 27. d6
Rh7 28. d7 Qxb2 29. Rb1 Rxf6 30. Qd5 Qc2 31. Rxb7 Rd6 32. Qg8+ Ke7 33. Re1+ Kf6
34. d8=Q+ Rxd8 35. Qxh7 Qxa2 36. Qe7+ Kg6 37. Qxd8 Qa3 38. Qe8+ Kf5 39. Qe6+
Kf4 40. Rf7# 1-0

[Event "4NCL Division 4 South"]
[Site "Telford, ENG ENG"]
[Date "2016.02.14"]
[Round "6.217"]
[White "Willmoth, Harrison"]
[Black "Bentham, Sam"]
[Result "0-1"]
[WhiteElo "1667"]
[BlackElo "1645"]
[PlyCount "100"]
[EventDate "2016.02.14"]
[WhiteTeam "Barnet Knights 2"]
[BlackTeam "Oxford 3"]

1. e4 c5 2. Nf3 g6 3. d3 Nc6 4. Nbd2 Bg7 5. g3 d6 6. Bg2 e5 7. O-O Nge7 8. c3
O-O 9. Nb3 f5 10. Ne1 f4 11. c4 Be6 12. Bd2 Qd7 13. f3 h5 14. Qe2 g5 15. Nc2
Bh3 16. Bxh3 Qxh3 17. Qg2 Qxg2+ 18. Kxg2 Rf7 19. Rf2 Raf8 20. Raf1 Ng6 21. Nc1
g4 22. Ne2 Bh6 23. Bc1 Kh7 24. fxg4 hxg4 25. Nc3 f3+ 26. Kg1 Bxc1 27. Rxc1 Nge7
28. Rcf1 Kg6 29. a3 Nd8 30. Nb5 a6 31. Nc7 Ng8 32. Nd5 Ne6 33. h3 Ng5 34. h4
Nh3+ 35. Kh2 Nxf2 36. Rxf2 Nf6 37. Nde3 b5 38. Nd5 Nxd5 39. exd5 bxc4 40. dxc4
Rb7 41. Na1 Rfb8 42. b3 e4 43. Rc2 e3 44. Kg1 e2 45. Rc1 Re7 46. Re1 Re3 47.
Kf2 Rbe8 48. b4 Rxa3 49. bxc5 dxc5 50. Nc2 Rc3 0-1

[Event "4NCL Division 4 South"]
[Site "Telford, ENG ENG"]
[Date "2016.02.14"]
[Round "6.218"]
[White "Tselos, Aristotelis"]
[Black "Karia, Devin"]
[Result "1-0"]
[WhiteElo "1387"]
[BlackElo "1712"]
[PlyCount "137"]
[EventDate "2016.02.14"]
[WhiteTeam "Oxford 3"]
[BlackTeam "Barnet Knights 2"]

1. e4 e5 2. Nf3 Nc6 3. Bc4 Nf6 4. Ng5 d5 5. exd5 Na5 6. Bb5+ c6 7. dxc6 bxc6 8.
Be2 Bc5 9. c3 Nb7 10. Bf3 Nd5 11. Ne4 Bb6 12. Qa4 Bd7 13. d3 O-O 14. O-O Rc8
15. c4 Nf4 16. Bxf4 exf4 17. Qd1 Nc5 18. Nxc5 Bxc5 19. d4 Be7 20. Nc3 Bf5 21.
Qd2 Bg5 22. Rfe1 Qd6 23. Re5 Qg6 24. Qd1 Bf6 25. Rxf5 Qxf5 26. Bg4 Qa5 27. Bxc8
Rxc8 28. Qd2 Rd8 29. Re1 h6 30. Qxf4 Rxd4 31. Qf3 Qc5 32. Ne4 Qe5 33. Nxf6+
Qxf6 34. Qxf6 gxf6 35. b3 Kf8 36. Kf1 Rd2 37. Ra1 Ke7 38. h3 a6 39. f3 Kd6 40.
a3 f5 41. b4 h5 42. a4 Rb2 43. b5 cxb5 44. axb5 axb5 45. Ra6+ Ke5 46. Ra5 Kd6
47. Rxb5 Rxb5 48. cxb5 f4 49. Ke2 Kc5 50. Kd3 f5 51. b6 Kxb6 52. Kd4 Kc6 53.
Ke5 Kc5 54. Kxf5 Kd5 55. Kxf4 Ke6 56. Kg5 Ke5 57. f4+ Ke6 58. Kxh5 Kf5 59. g4+
Kf6 60. Kh6 Kf7 61. g5 Kg8 62. Kg6 Kh8 63. f5 Kg8 64. f6 Kh8 65. Kf7 Kh7 66.
g6+ Kh8 67. g7+ Kh7 68. g8=Q+ Kh6 69. Qg6# 1-0

[Event "4NCL Division 4 South"]
[Site "Telford, ENG ENG"]
[Date "2016.02.14"]
[Round "6.219"]
[White "Atalla, George"]
[Black "Matilal, Tamal"]
[Result "0-1"]
[WhiteElo "1615"]
[BlackElo "1412"]
[PlyCount "90"]
[EventDate "2016.02.14"]
[WhiteTeam "Barnet Knights 2"]
[BlackTeam "Oxford 3"]

1. d4 c5 2. e3 Nf6 3. Nf3 cxd4 4. Nxd4 Nc6 5. g3 e5 6. Nb5 d6 7. c4 a6 8. N5c3
Be6 9. Nd5 Be7 10. Bg2 Rc8 11. O-O O-O 12. b3 Bxd5 13. cxd5 Nb4 14. a3 Nc2 15.
Ra2 Qc7 16. Bd2 Qc5 17. Bc3 Nxe3 18. fxe3 Qxe3+ 19. Kh1 Rxc3 20. Rf3 Rc1 21.
Bf1 Rxd1 22. Rxe3 Rxf1+ 23. Kg2 Rxb1 24. Rc3 Nxd5 25. Rd3 Nf6 26. Rc3 Nd5 27.
Rd3 Nb6 28. b4 Rc8 29. Rf2 Rbc1 30. Rf1 R8c2+ 31. Rf2 Rxf2+ 32. Kxf2 Rc2+ 33.
Kg1 d5 34. Re3 f6 35. Kh1 Ra2 36. Rc3 Nc4 37. Rd3 d4 38. b5 Rxa3 39. Rd1 axb5
40. Rb1 b4 41. Kg2 Ne3+ 42. Kf2 Ng4+ 43. Kg2 Ra2+ 44. Kh3 f5 45. Rf1 Rxh2# 0-1

[Event "4NCL Division 4 South"]
[Site "Telford, ENG ENG"]
[Date "2016.02.14"]
[Round "6.225"]
[White "Balouka-Myers, Raphael"]
[Black "Szwajkun, Richard"]
[Result "0-1"]
[WhiteElo "1457"]
[BlackElo "1765"]
[PlyCount "46"]
[EventDate "2016.02.14"]
[WhiteTeam "Barnet Knights 3"]
[BlackTeam "Shropshire 3"]

1. c4 e5 2. g3 Nf6 3. Bg2 c6 4. Nc3 d5 5. d3 Bb4 6. Nf3 d4 7. a3 Ba5 8. b4 dxc3
9. bxa5 Qxa5 10. Qc2 Nbd7 11. O-O O-O 12. a4 Re8 13. Ra3 Nc5 14. Be3 e4 15. Ne1
exd3 16. Nxd3 Bf5 17. Bxc5 Bxd3 18. exd3 Qxc5 19. Qxc3 Rad8 20. Raa1 b6 21.
Rfd1 Re2 22. Rd2 Qxf2+ 23. Kh1 Qxg2# 0-1

[Event "4NCL Division 4 South"]
[Site "Telford, ENG ENG"]
[Date "2016.02.14"]
[Round "6.226"]
[White "Kitchen, Peter J"]
[Black "Balouka-Myers, Toby"]
[Result "1-0"]
[WhiteElo "1655"]
[BlackElo "1465"]
[PlyCount "125"]
[EventDate "2016.02.14"]
[WhiteTeam "Shropshire 3"]
[BlackTeam "Barnet Knights 3"]

1. Nf3 Nf6 2. d4 e6 3. c4 Bb4+ 4. Bd2 Bxd2+ 5. Nbxd2 b6 6. g3 Bb7 7. Bg2 d6 8.
O-O O-O 9. Qc2 Nbd7 10. Rad1 Re8 11. e4 Nf8 12. Rfe1 Ng6 13. b4 a5 14. a3 Qd7
15. Rb1 e5 16. d5 axb4 17. axb4 c5 18. bxc5 bxc5 19. Rb6 Reb8 20. Reb1 Qc7 21.
Qb2 Ra7 22. Ne1 h5 23. Nc2 h4 24. Ne3 hxg3 25. hxg3 Ne7 26. Bh3 Nd7 27. Rb3 g6
28. Nc2 Kg7 29. Na3 Qa5 30. Bxd7 Rba8 31. Rxb7 Rxb7 32. Qxb7 Qxa3 33. Qb3 Qa5
34. Nf3 Rh8 35. Kg2 Qd8 36. Bb5 f5 37. Qe3 Qc8 38. Rh1 Rxh1 39. Kxh1 fxe4 40.
Qxe4 Qh3+ 41. Kg1 Nf5 42. Ng5 Qh5 43. Ne6+ Kf6 44. g4 Qh4 45. Qf3 Qh7 46. gxf5
gxf5 47. Qg3 Qg6 48. Qxg6+ Kxg6 49. Be8+ Kf6 50. Nxc5 dxc5 51. d6 Ke6 52. d7
Ke7 53. Kg2 f4 54. Kf3 Kd8 55. Ke4 f3 56. Kxe5 Ke7 57. Kd5 Kd8 58. Ke6 Kc7 59.
Ke7 Kb7 60. d8=Q Ka7 61. Bc6 Ka6 62. Qb8 Ka5 63. Qb5# 1-0

[Event "4NCL Division 4 South"]
[Site "Telford, ENG ENG"]
[Date "2016.02.14"]
[Round "6.227"]
[White "Shaw, Oliver"]
[Black "Ross, Stuart"]
[Result "0-1"]
[WhiteElo "1307"]
[BlackElo "1675"]
[PlyCount "76"]
[EventDate "2016.02.14"]
[WhiteTeam "Barnet Knights 3"]
[BlackTeam "Shropshire 3"]

1. e4 c5 2. Nc3 Nc6 3. f4 g6 4. Nf3 Bg7 5. Bc4 e6 6. O-O Nge7 7. Qe1 Nd4 8.
Nxd4 Bxd4+ 9. Kh1 Bg7 10. d3 Nc6 11. Be3 d6 12. Qf2 O-O 13. Rae1 a6 14. Ne2 b5
15. Bb3 Na5 16. c3 Nxb3 17. axb3 a5 18. d4 c4 19. bxc4 bxc4 20. Ra1 d5 21. e5
Bd7 22. Rfb1 a4 23. Re1 Qb6 24. Bc1 Rfb8 25. g4 Qd8 26. Ng3 f6 27. f5 fxe5 28.
fxe6 Bxe6 29. Qe2 e4 30. Qd1 Qd7 31. Qe2 Bxg4 32. Qf2 Rf8 33. Qd2 Bf3+ 34. Kg1
Qh3 35. Rf1 e3 36. Qc2 e2 37. Rxf3 e1=Q+ 38. Nf1 Qexf1+ 0-1

[Event "4NCL Division 4 South"]
[Site "Telford, ENG ENG"]
[Date "2016.02.14"]
[Round "6.228"]
[White "Tennant, Stefan H"]
[Black "Krikler, George"]
[Result "1-0"]
[WhiteElo "1652"]
[BlackElo "1352"]
[PlyCount "107"]
[EventDate "2016.02.14"]
[WhiteTeam "Shropshire 3"]
[BlackTeam "Barnet Knights 3"]

1. d4 d5 2. Nf3 Nc6 3. Bf4 Nf6 4. e3 Bg4 5. Be2 Ne4 6. c3 e6 7. O-O Bd6 8. Bxd6
Qxd6 9. Qc2 Qe7 10. h3 Bf5 11. Bd3 Nd6 12. Ne5 Bxd3 13. Qxd3 Nxe5 14. dxe5 Nf5
15. Nd2 O-O 16. f4 Qc5 17. Rae1 f6 18. Nb3 Qb6 19. Kh2 c5 20. c4 Rad8 21. g4
Nh6 22. exf6 g6 23. g5 Nf5 24. e4 dxe4 25. Qxe4 Rfe8 26. Qe5 Kf7 27. Re2 Qc6
28. Qxc5 Qxc5 29. Nxc5 b6 30. Ne4 Rd3 31. Rd2 Rxd2+ 32. Nxd2 Rd8 33. Rf2 Rd4
34. b3 Nh4 35. Nf3 Rxf4 36. Ne5+ Kf8 37. Rxf4 Nf5 38. b4 a6 39. Nd7+ Kf7 40.
Rxf5 exf5 41. Nxb6 h6 42. h4 f4 43. c5 f3 44. Kg3 hxg5 45. hxg5 a5 46. a3 axb4
47. axb4 Ke6 48. Kxf3 Ke5 49. f7 Kd4 50. f8=Q Kc3 51. Qf4 Kb3 52. Qc4+ Kb2 53.
Na4+ Ka1 54. Qe2 1-0

[Event "4NCL Division 4 South"]
[Site "Telford, ENG ENG"]
[Date "2016.02.14"]
[Round "6.229"]
[White "Sezer, Steve"]
[Black "Peck, Windsor W A"]
[Result "1-0"]
[WhiteElo "1337"]
[BlackElo "1532"]
[PlyCount "90"]
[EventDate "2016.02.14"]
[WhiteTeam "Barnet Knights 3"]
[BlackTeam "Shropshire 3"]

1. d4 d5 2. c4 c6 3. Nc3 e6 4. c5 Nf6 5. Bg5 Nbd7 6. Nf3 Qc7 7. e3 Qa5 8. Nd2
b6 9. Nb3 Qxc3+ 10. bxc3 Ne4 11. Bf4 bxc5 12. Qc2 c4 13. Nd2 Nef6 14. Rb1 Nb6
15. Bg5 Nfd7 16. f3 Bd6 17. Bf4 Be7 18. Bg3 O-O 19. Be2 Ba6 20. O-O Bb5 21. Qc1
Rfc8 22. e4 a6 23. Re1 Bf8 24. Bd1 c5 25. Bf2 cxd4 26. Bxd4 e5 27. Bxb6 Nxb6
28. Bc2 Bc5+ 29. Kf1 d4 30. Qb2 Nd7 31. a4 dxc3 32. Qxc3 Bd4 33. Qb4 c3+ 34.
axb5 cxd2 35. Qxd2 Nb6 36. Qd3 Rc3 37. Qe2 Nc4 38. Bd3 Ne3+ 39. Qxe3 Bxe3 40.
Rxe3 axb5 41. Rxb5 Kf8 42. Rb2 Ra7 43. Ke2 Ke7 44. Kd2 Rca3 45. Bc4 Kd6 {
Unable to reconstruct remaining moves.} 1-0

[Event "4NCL Division 4 South"]
[Site "Telford, ENG ENG"]
[Date "2016.02.14"]
[Round "6.230"]
[White "Szwajkun, Steve"]
[Black "Krikler, Alex"]
[Result "0-1"]
[WhiteElo "1442"]
[BlackElo "1082"]
[PlyCount "102"]
[EventDate "2016.02.14"]
[WhiteTeam "Shropshire 3"]
[BlackTeam "Barnet Knights 3"]

1. Nf3 Nf6 2. d3 e6 3. e4 Be7 4. Nbd2 b6 5. g3 Bb7 6. Bg2 c5 7. O-O O-O 8. e5
Ne8 9. b3 Nc6 10. Bb2 f6 11. c3 Qc7 12. exf6 Nxf6 13. Rc1 Rad8 14. Bh3 e5 15.
b4 Rfe8 16. Ng5 Bf8 17. Qb3+ d5 18. Be6+ Rxe6 19. Nxe6 Qc8 20. Nxd8 Nxd8 21. f3
Qh3 22. Rf2 Kh8 23. Qd1 b5 24. Qf1 Qh5 25. bxc5 Ne6 26. d4 Ng5 27. Re2 e4 28.
Re3 Kg8 29. f4 Ng4 30. Qe2 Nh3+ 31. Kg2 Nxf4+ 32. Kg1 Nxe2+ 33. Rxe2 Bc8 34.
Rf1 e3 35. Rfe1 Bf5 36. Nf3 Bd3 37. Rxe3 Nxe3 38. Rxe3 Be4 39. Ne1 Qd1 40. h4
Kf7 41. c6 Bd6 42. Kf1 Qd2 43. Re2 Qd1 44. Re3 Qg4 45. Kf2 Qh3 46. Re2 Qxg3+
47. Kf1 Qxh4 48. Re3 Qh1+ 49. Kf2 Qh2+ 50. Kf1 Qxb2 51. Re2 Qxc3 0-1